000 00637nam a22002417a 4500
001 BR6000201
003 BR-BrBNA
005 20230928095514.0
007 ta
008 230509b bl.||||| |||| 00| 0 por d
040 _aBR-BrBNA
_bpor
_cBiblioteca Nacional de Agricultura
041 _a(Por)
072 _aF60; C10
090 _ F60 BR6000201
100 1 _aFranco, C.M.
245 1 _aNutricao mineral nas plantas. Curso Intensivo de Fisiologia Vegetal
260 3 _aItabuna, BA (Brasil):
_c1969.
300 _a20 p.
650 _aFisiologia Vegetal
650 _aCurso
909 _a202309
_bLucia
_c55
_dLucia Elande
942 _cBK
999 _c56961
_d56961